000 00375nam a2200133Ia 4500
008 220217s9999||||xx |||||||||||||| ||und||
020 _a9788177227338
082 _a005.13 NAG
100 _aNagaraju B.
_98128
245 0 _a.Net interview questions
260 _aDream tech publications
_bNew Delhi
_c2011
300 _aVII, 264p.
_b229
650 _aPROGRAMMING LANGUAGE
999 _c182814
_d182814